[Event "15th Deltalift Open 2018"]
[Site "Halmstad"]
[Date "2018.05.10"]
[Round "3"]
[White "Bensryd, Hampus"]
[Black "Tuomainen, Felix"]
[Result "0-1"]
[WhiteElo "1918"]
[BlackElo "2211"]
[Annotator "NA"]
[PlyCount "110"]
[EventDate "2018.??.??"]
[EventType "swiss"]
[EventCountry "SWE"]
[SourceTitle "playchess.com"]
[Source "ChessBase"]
[SourceQuality "1"]
[TimeControl "1800+12"]

1. e4 {[%emt 0:00:00]} d5 {[%emt 0:00:05]} 2. exd5 {[%emt 0:00:01]} Qxd5 {[%emt 0:00:03]} 3. Nf3 {[%emt 0:00:05]} Nf6 {[%emt 0:00:04]} 4. d4 {[%emt 0:00:16]} Bg4 {[%emt 0:00:03] LiveBook: 436 Games} 5. Be2 {[%emt 0:00:06]} e6 {[%emt 0:00:07]} 6. c4 {[%emt 0:00:23]} Qd8 {[%emt 0:00:16]} 7. O-O {[%emt 0:00:22]} c5 {[%emt 0:00:12] B01: Scandinavian Defence} (7... c6 8. Nc3 Nbd7 9. Bg5 Be7 10. h3 Bh5 11. Re1 h6 12. Bh4 O-O 13. Qb3 Qb6 14. Na4 Qb4 15. Qxb4 Bxb4 {½-½ (24) Sredojevic,I (2428)-Juhasz,A (2375) Novi Sad 2016}) 8. Be3 {[%emt 0:01:14]} Nbd7 {[%emt 0:00:40]} 9. Nc3 {[%emt 0:01:15]} Bd6 $146 {[%emt 0:00:21]} ({Predecessor:} 9... Rc8 10. d5 Nb6 11. Bg5 Be7 12. dxe6 Bxe6 13. Ne5 O-O 14. Qc2 Nfd7 15. Bxe7 Qxe7 {0-1 (62) Marney,J (1586)-Wilkins,M (1909) Wellington 2013}) 10. d5 {[%emt 0:00:45]} e5 {[%emt 0:00:11]} (10... exd5 $11 {remains equal.} 11. cxd5 (11. Nxd5 O-O $14) 11... O-O) 11. h3 {[%emt 0:00:53]} Bxf3 {[%emt 0:00:08]} 12. Bxf3 {[%emt 0:00:17]} O-O {[%emt 0:00:03]} 13. Qc2 {[%emt 0:00:16]} Re8 {[%emt 0:00:19]} 14. Rad1 {[%emt 0:00:59]} Qe7 {[%emt 0:00:16]} 15. Nb5 {[%emt 0:01:49]} e4 16. Nxd6 {[%emt 0:00:41]} Qxd6 {[%emt 0:00:47]} 17. Be2 {[%emt 0:00:05]} Nf8 {[%emt 0:00:26]} 18. Qd2 {[%emt 0:01:49]} Ng6 {[%emt 0:00:07]} 19. Rfe1 {[%emt 0:00:40]} Nd7 {[%emt 0:00:14]} 20. Qa5 {[%emt 0:02:41]} f5 {[%emt 0:00:17]} 21. Bh5 {[%emt 0:01:12]} f4 {[%emt 0:00:36]} 22. Bxg6 {[%emt 0:00:24]} hxg6 {[%emt 0:00:15]} 23. Bc1 {[%emt 0:00:11]} g5 {[%emt 0:00:22]} 24. Qc3 {[%emt 0:00:37]} Nf6 {[%emt 0:00:39]} 25. Re2 {[%emt 0:01:01]} Kf7 {[%emt 0:00:54]} 26. Rde1 {[%emt 0:00:39]} Rh8 {[%emt 0:00:36]} 27. b3 {[%emt 0:01:37]} f3 {[%emt 0:00:15]} 28. Re3 {[%emt 0:00:02]} g4 {[%emt 0:00:11]} 29. Bb2 {[%emt 0:02:43]} gxh3 {[%emt 0:00:28]} 30. gxf3 {[%emt 0:01:55]} Rh5 {[%emt 0:03:14]} (30... exf3 {might work better.} 31. Kh1 (31. Rxf3 Rae8 $16) 31... Rae8) 31. fxe4 {[%emt 0:00:43]} Rg5+ {[%emt 0:00:06]} 32. Rg3 {[%emt 0:00:26]} h2+ {[%emt 0:00:22]} 33. Kg2 {[%emt 0:00:38]} h1=Q+ {[%emt 0:00:19]} 34. Kxh1 {[%emt 0:00:22]} Rh8+ {[%emt 0:00:20]} 35. Kg2 {[%emt 0:00:03]} Ng4 {[%emt 0:00:11]} 36. Kf3 {[%emt 0:01:54]} Rh2 {[%emt 0:00:58]} 37. Ke2 {[%emt 0:02:17]} Rxf2+ {[%emt 0:01:00]} 38. Kd1 {[%emt 0:00:06]} Rxb2 {[%emt 0:00:29]} 39. Rf3+ $18 {[%emt 0:00:14]} Kg8 {[%emt 0:00:41]} 40. Qxb2 {[%emt 0:00:04]} Ne5 {[%emt 0:00:20]} 41. Rh3 {[%emt 0:00:40]} Qd7 {[%emt 0:00:27]} 42. Reh1 {[%emt 0:00:21]} Ng4 {[%emt 0:01:07]} 43. Qd2 {[%emt 0:01:07]} Qe7 {[%emt 0:01:23]} 44. Rh8+ {[%emt 0:00:26]} Kf7 {[%emt 0:00:00]} 45. Rf1+ {[%emt 0:01:54]} Kg6 {[%emt 0:00:02]} 46. d6 {[%emt 0:00:10]} Qxe4 {[%emt 0:00:15]} 47. d7 {[%emt 0:01:11]} Qb1+ {[%emt 0:00:09]} 48. Qc1 {[%emt 0:01:09]} Qd3+ {[%emt 0:00:15]} 49. Qd2 {[%emt 0:00:07]} Qxf1+ {[%emt 0:00:47]} 50. Kc2 {[%emt 0:00:06]} Ne3+ {[%emt 0:00:38]} 51. Kb2 {[%emt 0:00:54]} Qf6+ {[%emt 0:01:09]} 52. Ka3 {[%emt 0:00:17]} Nxc4+ {[%emt 0:01:23]} 53. bxc4 {[%emt 0:00:08]} Rg3+ {[%emt 0:00:01]} 54. Ka4 {[%emt 0:00:14]} Qc6+ {[%emt 0:00:09]} 55. Ka5 {[%emt 0:00:12]} Qa6# {[%emt 0:00:02]} 0-1

[Event "15th Deltalift Open 2018"]
[Site "Halmstad"]
[Date "2018.05.10"]
[Round "4"]
[White "Westerberg, Jonathan"]
[Black "Malmstig, Erik"]
[Result "1-0"]
[WhiteElo "2523"]
[BlackElo "2339"]
[Annotator "TA"]
[PlyCount "111"]
[EventDate "2018.??.??"]
[EventType "swiss"]
[EventCountry "SWE"]
[SourceTitle "playchess.com"]
[Source "ChessBase"]
[SourceQuality "1"]

{[%evp 9,111,-1,56,45,59,51,76,41,41,41,44,48,54,29,32,24,38,-64,54,58,67,15,20,-10,80,63,68,75,81,88,128,84,112,89,234,111,93,79,262,164,158,166,161,162,160,0,0,0,133,129,119,115,165,120,126,120,209,162,189,133,153,141,130,135,202,71,175,98,85,114,159,60,59,57,61,0,14,0,0,0,0,0,0,0,0,0,0,0,0,0,43,0,29980,29981,29981,29982,29982,29982,29982,29983,29983,29984,12842,12843]} 1. e4 e5 2. Nf3 Nc6 3. Bc4 Bc5 4. c3 Nf6 5. b4 Bd6 (5... Be7 $11) (5... Bb6 6. d3 d6 7. a4 a5 8. b5 Ne7 9. Nbd2 Ng6 10. O-O O-O 11. Bb3 c6 12. Nc4 Bc7 13. Re1 h6 14. d4 Be6 15. Ba3 Bxc4 16. Bxc4 Re8 17. Bb3 d5 18. exd5 cxd5 19. dxe5 Nxe5 {0-1 (43) Caruana,F (2823)-Nakamura,H (2779) Saint Louis 2016}) 6. d3 {[%cal Bd2d3,Bd3d4][%mdl 32] C54: Giuoco Piano: 4 c3 Nf6, main lines with 5 d4 and 5 d3} h6 7. Nbd2 Ne7 8. d4 {White is better.} Ng6 9. O-O O-O 10. Re1 c6 11. Bb2 $146 ({Predecessor:} 11. Nf1 b5 12. Bb3 Bc7 13. Ng3 {1-0 (36) Westerberg,J (2452)-Kirs,P (1631) Pardubice 2015}) 11... Bc7 12. dxe5 Ng4 13. Bf1 ({White should play} 13. Be2 $14) 13... d6 (13... Bb6 $1 $15 14. Re2 N4xe5) 14. exd6 $14 Qxd6 15. Nc4 (15. g3 $14) 15... Qf6 $11 16. g3 Nh4 (16... Be6 $11 {remains equal.} 17. e5 Bxe5) 17. gxh4 $16 Bxh2+ $1 18. Kg2 {aiming for Qd4.} Qg6 {Hoping for ...Bf4.} 19. Qe2 (19. Nxh2 Ne3+ 20. Kh1 Nxd1 $17) 19... Bf4 20. Kh1 {Threatens to win with Bg2.} Be6 21. Ne3 Qh5 {[#]} (21... Bxe3 $16 {keeps fighting.} 22. fxe3 Bc4) 22. Nxg4 (22. Ng2 $1 $18 {[%cal Rg2f4] and White stays clearly on top.} Bc7 23. Nd4) 22... Bxg4 23. Bg2 b6 $2 (23... g5 $16) 24. Kg1 Rae8 25. c4 Re6 26. Kf1 Rg6 27. Qd3 $2 (27. Rad1 $16) 27... Be6 $1 $11 {...Qg4 is the strong threat.} 28. Nd4 {Strongly threatening Nf5.} Rd8 (28... Qxh4 $11 {keeps the balance.} 29. Nxe6 (29. Nxc6 $2 Rxg2 30. Kxg2 Qh2+ 31. Kf3 Qh3+ 32. Ke2 Bg4+ 33. f3 Qh2+ 34. Kd1 Qxb2 $19) 29... fxe6) 29. Nxe6 Rxd3 30. Nxf4 Qg4 31. Nxg6 ({Inferior is} 31. Nxd3 Qxg2+ 32. Ke2 Qxe4+ 33. Kd2 Qxc4 $17) 31... Qxg6 32. Rad1 Qd6 (32... Rxd1 $16 {is a better defense.} 33. Rxd1 Qg4) 33. c5 Qd8 34. Ke2 (34. Bf3 $18) 34... Rxd1 $16 35. Rxd1 Qxh4 36. Bf3 Qe7 (36... f5 $16) 37. Bd4 (37. Rd6 $18) 37... Qb7 (37... Qe6 $16 {was called for.}) 38. Rg1 ({Better is} 38. a3 $18) 38... Qa6+ {[#]} 39. Ke3 $1 g5 40. Rd1 (40. Rc1 $16 {Black must now prevent cxb6.} b5 41. e5) 40... Qa3+ $14 41. Rd3 Qxb4 42. cxb6 (42. Rc3 $1 $14 b5 43. e5) 42... axb6 43. Bf6 Qe1+ 44. Be2 Qc1+ 45. Rd2 Kh7 46. e5 {And now Bd3+ would win.} Kg6 47. Bd3+ Kh5 48. Ke2 c5 49. Rc2 Qh1 50. Rc4 {Threatening e6.} (50. e6 $5 fxe6 51. Rc4 $11) 50... g4 $2 {[%mdl 8192]} (50... Qa1 $11) 51. Rf4 g3 52. Rf5+ Kg4 53. f3+ {[%cal Bf2f3,Bf3f4][%mdl 32]} Kh3 54. Rh5+ Kg2 55. Rxh1 Kxh1 56. f4 {Precision: White = 31%, Black = 52%.} 1-0

[Event "15th Deltalift Open 2018"]
[Site "Halmstad"]
[Date "2018.05.10"]
[Round "4"]
[White "Tikkanen, Hans"]
[Black "Rydstrom, Tom"]
[Result "1-0"]
[WhiteElo "2492"]
[BlackElo "2324"]
[Annotator "TA"]
[PlyCount "63"]
[EventDate "2018.??.??"]
[EventType "swiss"]
[EventCountry "SWE"]
[SourceTitle "playchess.com"]
[Source "ChessBase"]
[SourceQuality "1"]

{[%evp 23,63,82,58,56,83,96,98,85,152,152,146,153,142,138,185,180,183,155,167,162,192,169,195,188,169,177,168,165,143,152,146,137,166,150,237,241,337,340,467,473,458,448]} 1. d4 d5 2. Nf3 Nf6 3. e3 Bf5 4. c4 c6 5. Nc3 e6 6. Nh4 Be4 7. f3 Bg6 8. Qb3 Qc7 9. Bd2 {D12: Slav Defence: 3 Nf3 Nf6 4 e3 Bf5} Nbd7 (9... Be7 10. g3 Nbd7 11. cxd5 exd5 12. O-O-O a5 13. Nxg6 hxg6 14. Qc2 a4 15. e4 a3 16. e5 axb2+ {0-1 (59) Le,Q (2737)-Mamedov,R (2709) Huaian 2017}) 10. cxd5 exd5 11. O-O-O b5 12. Nxg6 hxg6 {LiveBook: 3 Games} 13. Qc2 b4 $146 ({Predecessor:} 13... O-O-O 14. Kb1 Nb6 15. b3 Kb7 16. h3 Ba3 {1-0 (61) Nasshan,D (2302)-Bruehl,A (2350) Germany 2017}) 14. Na4 $1 Be7 15. Kb1 O-O (15... Qb7 $142) 16. Rc1 $16 Nb6 {[#]} 17. Bb5 $1 {[%mdl 512]} Rfc8 {[#]} (17... cxb5 18. Qxc7) 18. Ba6 $1 (18. Bxc6 $6 Qxc6 19. Qxc6 Rxc6 $14) (18. Qxc6 $2 Qb8 $19) 18... Rcb8 19. Nc5 Nc8 20. Qa4 Nb6 {[#]} 21. Qa5 $1 Ne8 {With the idea ...Nc4.} 22. Bxb4 Nd6 23. b3 Qd8 24. Ka1 Qe8 25. Rhe1 Bd8 26. Qa3 Nb5 27. Qb2 Be7 28. Ba5 Nc7 (28... Nd7 $16) 29. Bb7 $18 Bxc5 30. Bxa8 ({Inferior is} 30. dxc5 Rxb7 31. cxb6 axb6 $15) 30... Nc4 31. Rxc4 ({Stronger than} 31. Bxc7 Nxb2 32. Kxb2 Ba3+ 33. Kxa3 Rxa8 $11) (31. bxc4 Rxb2 32. Kxb2 Bd6 $11) 31... dxc4 32. Bxc7 {Precision: White = 89%, Black = 52%.} ({Weaker is} 32. dxc5 Nxa8 33. b4 Nb6 $16) 1-0

[Event "15th Deltalift Open 2018"]
[Site "Halmstad"]
[Date "2018.05.10"]
[Round "4"]
[White "Jepson, Christian"]
[Black "Nilsson, Anders"]
[Result "1/2-1/2"]
[WhiteElo "2415"]
[BlackElo "2226"]
[Annotator "TA"]
[PlyCount "98"]
[EventDate "2018.??.??"]
[EventType "swiss"]
[EventCountry "SWE"]
[SourceTitle "playchess.com"]
[Source "ChessBase"]
[SourceQuality "1"]

{[%evp 16,98,16,3,18,-12,10,-5,13,10,34,27,27,27,26,-12,-9,-16,-16,-16,-10,-10,-10,-80,-75,-78,-73,-87,-60,-136,-143,-129,0,-42,-45,-55,-52,-79,-56,-66,-58,-56,-56,-60,-60,-62,-33,-33,-31,-60,0,-35,-41,-60,0,0,0,-40,0,-72,-25,-41,0,-26,-18,-260,-57,-279,-32,-32,-32,-32,-31,-31,0,0,0,-8,-8,-8,0,0,0,0,0]} 1. Nf3 d5 2. c4 e6 3. g3 Nf6 4. Bg2 dxc4 5. O-O c5 6. Na3 Nc6 7. Nxc4 Be7 8. d3 O-O 9. a3 {LiveBook: 4 Games} Nd5 {A30: Symmetrical English: Double Fianchetto and Hedgehog} 10. Rb1 a5 $146 ({Predecessor:} 10... b5 11. Ne3 Nb6 12. b3 e5 13. Bb2 Qd6 14. a4 bxa4 15. bxa4 f6 16. Nd2 Be6 17. Ba3 {0-1 (69) Salvetti,A (2226)-Maksimenko,A (2543) Lugano 2013}) 11. Qc2 Bd7 12. e4 Nc7 13. Be3 Nb5 14. Qb3 Ncd4 15. Bxd4 a4 16. Qd1 {Black must now prevent Be3.} Nxd4 17. Nxd4 cxd4 18. e5 Rb8 19. Qg4 (19. b4 $11) 19... b5 $1 $17 {[%cal Rb5c4]} 20. Nd2 b4 $36 {[%mdl 2048] Black has strong initiative.} 21. axb4 Rxb4 22. Be4 {[#]} (22. Rfc1 $15) 22... Qb8 $1 23. Nc4 {[#]} a3 (23... Bb5 $1 $17 24. Qe2 Bxc4 25. dxc4 g6) 24. Nxa3 Qxe5 25. f4 Qb8 26. f5 {Strongly threatening f6.} exf5 27. Bxf5 Bxf5 28. Qxf5 Rxb2 29. Rxb2 Qxb2 30. Nc4 Qe2 31. Rf2 Qe1+ 32. Rf1 Qe2 33. Rf2 Qd1+ 34. Rf1 Qe2 ({Black should play} 34... Qa4 $15) 35. Rf2 $11 Qe1+ 36. Kg2 (36. Rf1 $5 {[%cal Rf1e1]} Qe2 $15) 36... Bf6 37. Nd6 (37. Nb6 $1 $11 {keeps the balance.}) 37... h6 (37... Qe7 $5 {[%cal Re7d6]} 38. Nc4 h6 $15) 38. Qg4 {Hoping for Rxf6.} Bg5 {And now ...Be3 would win.} 39. Nf5 g6 40. h4 $2 (40. Nxd4 $11 Qc3 41. Qe4) 40... Be3 $2 ({Black should try} 40... gxf5 $19 41. Rxf5 Rb8) 41. Nxe3 $2 (41. Ne7+ $1 $15 Kg7 42. Nf5+ Kh7 43. Nxe3 dxe3 44. Re2) 41... Qxe3 $2 $15 {[%mdl 4096] Endgame KQR-KQR} (41... dxe3 $19 42. Rc2 Qb1) 42. h5 Qxd3 {Threatens to win with ...Rd8.} 43. hxg6 Qxg6 44. Qxd4 Kh7 45. Rf6 {The position is equal.} Qg5 46. Qe4+ Kg7 47. Rf4 {aiming for Rg4.} f5 48. Qe5+ Qf6 49. Rxf5 Qxe5 {Precision: White = 32%, Black = 44%.} 1/2-1/2

[Event "15th Deltalift Open 2018"]
[Site "Halmstad"]
[Date "2018.05.10"]
[Round "4"]
[White "Lindberg, Bengt"]
[Black "Madebrink, Lars"]
[Result "1-0"]
[WhiteElo "2404"]
[BlackElo "2192"]
[Annotator "RC"]
[PlyCount "87"]
[EventDate "2018.??.??"]
[EventType "swiss"]
[EventCountry "SWE"]
[SourceTitle "playchess.com"]
[Source "ChessBase"]
[SourceQuality "1"]
[TimeControl "1800+12"]

1. e4 {[%emt 0:00:00]} c5 {[%emt 0:00:02]} 2. Nf3 {[%emt 0:00:00]} d6 {[%emt 0:00:01]} 3. d4 {[%emt 0:00:01]} cxd4 {[%emt 0:00:01]} 4. Nxd4 {[%emt 0:00:03]} Nf6 {[%emt 0:00:02]} 5. Nc3 {[%emt 0:00:04]} Nc6 {[%emt 0:00:02]} 6. Bg5 {[%emt 0:00:08]} e6 {[%emt 0:00:20]} 7. Qd2 {[%emt 0:00:02]} a6 {[%emt 0:00:12]} 8. O-O-O {[%emt 0:00:08]} Be7 {[%emt 0:00:13]} 9. f3 {[%emt 0:00:06]} Bd7 {[%emt 0:00:39]} 10. h4 {[%emt 0:00:31]} b5 {[%emt 0:00:47]} 11. Nxc6 {[%emt 0:00:06]} Bxc6 {[%emt 0:00:02]} 12. Ne2 {[%emt 0:00:05]} Qc7 {[%emt 0:00:33]} 13. Nd4 {[%emt 0:00:30]} Bb7 {[%emt 0:00:15]} 14. h5 {[%emt 0:00:35]} h6 {[%emt 0:00:23]} 15. Be3 {[%emt 0:00:02]} Rc8 {[%emt 0:00:18]} 16. Kb1 {[%emt 0:00:50]} d5 {[%emt 0:00:20]} 17. e5 {[%emt 0:01:02]} Nd7 {[%emt 0:00:05]} 18. f4 {[%emt 0:00:03]} Nc5 {[%emt 0:01:05]} 19. Bd3 {[%emt 0:00:05]} Ne4 {[%emt 0:00:17]} 20. Qe1 {[%emt 0:00:03]} Bc5 {[%emt 0:01:20]} 21. g4 {[%emt 0:01:35]} Qb6 {[%emt 0:00:09]} 22. f5 {[%emt 0:02:57]} b4 {[%emt 0:01:19]} 23. fxe6 {[%emt 0:02:46]} fxe6 {[%emt 0:00:03]} 24. g5 {[%emt 0:01:55]} hxg5 {[%emt 0:00:52]} 25. Bxe4 {[%emt 0:02:06]} dxe4 {[%emt 0:00:04]} 26. Qg3 {[%emt 0:00:02]} Bd5 {[%emt 0:01:57]} 27. Qxg5 {[%emt 0:00:39]} Qc7 {[%emt 0:00:36]} 28. Rhf1 {[%emt 0:00:36]} Rh6 {[%emt 0:01:50]} 29. Qg2 {[%emt 0:00:43]} Qxe5 {[%emt 0:07:22]} 30. Bxh6 {[%emt 0:00:18]} Bxd4 {[%emt 0:00:08]} 31. Qg6+ {[%emt 0:00:23]} Kd7 {[%emt 0:00:38]} 32. Rf7+ {[%emt 0:00:18]} Kc6 {[%emt 0:00:04]} 33. Bxg7 {[%emt 0:00:25]} Qh2 {[%emt 0:01:12]} 34. Bxd4 {[%emt 0:00:18]} Kb5 {[%emt 0:00:21]} 35. Rc1 {[%emt 0:01:23]} Qd2 {[%emt 0:00:40]} 36. Qg1 {[%emt 0:00:47]} a5 {[%emt 0:00:54]} 37. Qf1+ {[%emt 0:01:12]} Rc4 {[%emt 0:00:58]} 38. Bg1 {[%emt 0:01:49]} Ka4 {[%emt 0:02:43]} 39. Ra7 {[%emt 0:02:40]} Rxc2 {[%emt 0:02:47]} 40. Rxc2 {[%emt 0:02:32]} Bxa2+ {[%emt 0:00:03]} 41. Kxa2 {[%emt 0:00:15]} Qxc2 {[%emt 0:00:16]} 42. Bb6 {[%emt 0:01:41]} b3+ {[%emt 0:04:21]} 43. Ka1 {[%emt 0:00:02]} Kb4 {[%emt 0:00:27]} 44. Rxa5 {[%emt 0:00:32]} 1-0

[Event "15th Deltalift Open 2018"]
[Site "Halmstad"]
[Date "2018.05.10"]
[Round "4"]
[White "Lokander, Martin"]
[Black "Ask, Josef"]
[Result "1/2-1/2"]
[WhiteElo "2386"]
[BlackElo "2135"]
[Annotator "TA"]
[PlyCount "278"]
[EventDate "2018.??.??"]
[EventType "swiss"]
[EventCountry "SWE"]
[SourceTitle "playchess.com"]
[Source "ChessBase"]
[SourceQuality "1"]

{[%evp 19,278,43,52,43,29,20,31,19,6,22,24,7,70,79,57,56,60,58,81,83,79,71,63,57,69,41,68,64,72,57,93,90,98,94,125,120,149,97,183,53,79,50,69,27,56,59,117,117,302,314,310,304,320,316,312,187,353,350,468,463,457,416,669,664,585,635,716,752,741,731,785,777,829,820,875,865,1147,977,1004,990,2384,2615,2432,1423,2543,2300,1954,975,966,956,923,505,253,508,501,157,504,501,493,493,493,475,488,485,650,643,594,502,483,471,430,251,202,136,136,136,136,27,27,28,28,30,31,0,0,0,0,0,0,0,0,0,0,0,0,0,0,0,0,0,0,0,0,0,0,0,0,0,0,0,0,0,0,0,4,0,0,0,4,0,0,0,0,0,17,0,0,0,0,0,0,0,8,0,0,0,8,0,0,0,0,0,8,8,60,0,0,0,15,8,8,8,8,8,8,8,8,8,8,8,8,8,8,8,8,8,8,8,8,0,0,0,0,0,0,0,0,0,0,0,0,0,0,0,0,0,0,0,8,8,8,8,8,8,8,0,0,0,0,0,0,0,0,0,0,0,0,0,0,0,0,0,0,0,0,0,0,0,0,0,0]} 1. d4 Nf6 2. c4 g6 3. Nc3 Bg7 4. e4 d6 5. Nf3 O-O 6. Be2 e5 7. d5 a5 8. Bg5 h6 9. Be3 Na6 {E92: King's Indian: Classical: 6 Be2 e5: 7 dxe5, 7 Be3 and Petrosian System without 7...Nbd7} (9... Ng4 10. Bd2 f5 11. h3 Nf6 12. exf5 gxf5 13. Qc1 f4 14. g3 e4 15. Nh4 e3 16. fxe3 fxg3 17. Ng6 {½-½ (69) Erdos,V (2628)-Amin,B (2680) Tbilisi 2017}) 10. Nd2 Nh7 {LiveBook: 9 Games} 11. a3 Bd7 {White is slightly better.} 12. Rb1 Nc5 $146 ({Predecessor:} 12... f5 13. f3 Nc5 14. b3 Nf6 15. O-O Nh5 16. Qc2 Nf4 17. Rfe1 Qg5 {1-0 (48) Krnavek,L (2275)-Bretsnajdr,V (2310) Czechia 1995}) 13. b4 axb4 14. axb4 Na4 15. Nxa4 Rxa4 (15... Bxa4 $11 16. Qc1 f5) 16. c5 $14 Ra2 17. O-O f5 $1 {[%cal Rf5f4]} 18. f3 Kh8 19. Bc4 Ra3 20. Bb3 Bb5 21. Re1 Nf6 22. Qc1 Ra8 23. Bc4 Be8 24. Qc2 f4 25. Bf2 g5 26. Be2 h5 27. Nc4 {[%cal Bd2c4,Bc4b6,Bb6c8][%mdl 32]} Bg6 28. Bd3 (28. b5 $142) 28... Ne8 (28... g4 $16) 29. cxd6 (29. b5 $1 $18) 29... cxd6 30. Nb6 Rb8 $1 31. Bb5 Nf6 32. Rbc1 Rf7 (32... Be8 $14 33. Bxe8 Nxe8) 33. Qc8 $36 {[%mdl 2048] White is on the roll.} Bf8 $2 (33... g4 $16 {was necessary.}) 34. Qxd8 $1 $18 Rxd8 {[#]} 35. Nc8 $1 Nd7 36. Rc7 Nb8 37. Rec1 (37. Rxf7 $142 Bxf7 38. Rc1) 37... Rxc7 $2 (37... Nc6) 38. Rxc7 Be8 39. Bxe8 Rxe8 40. b5 Rd8 (40... Nd7 $142 41. Nxd6 Bxd6 42. Rxd7 Bb4) 41. Nb6 Bg7 42. Rxb7 Bf6 43. Rf7 Bg7 44. Rc7 Bf6 45. Nc8 g4 46. b6 {[%cal Bb5b6,Bb6b7][%mdl 32]} Na6 47. b7 Rg8 48. Kf1 g3 {[#]} 49. hxg3 $1 {[%mdl 512]} fxg3 50. Rc6 Nb8 51. Bg1 Rg7 52. Nxd6 Kh7 53. Ne8 (53. Ba7 $142 Rxb7 54. Nxb7) 53... Rxb7 54. Nxf6+ Kg6 55. Re6 Rb1+ 56. Ke2 Rxg1 {[%mdl 4096] Endgame KRN-KRN} 57. Nd7+ $2 (57. Ng4+ $18 {and White stays clearly on top.} Kg7 58. Ne3) 57... Kg7 $2 (57... Kh7 $16 {is more resistant.}) 58. Nxe5 Rxg2+ 59. Kf1 Rf2+ 60. Kg1 h4 61. Rg6+ ({Weaker is} 61. Rb6 Nd7 $11) 61... Kh7 {intending ...Nd7.} 62. Rg4 Rh2 63. d6 Rd2 64. Rxh4+ Kg7 65. d7 (65. Rg4+ $142 Kf6 66. f4 Rxd6 67. Rxg3) 65... Kf6 66. f4 Nxd7 67. Nxd7+ Rxd7 $16 {[#] KR-KR} 68. Kg2 (68. Rh6+ $1 $16 Kg7 69. Rh3) 68... Rd4 $1 $11 69. Kf3 Rd3+ $1 70. Ke2 ({Resist} 70. Kg2 $6 Rd4 $16) 70... Ra3 71. Rg4 Ra2+ 72. Kf3 Ra3+ 73. Kg2 Re3 $1 74. e5+ Kf5 75. Rxg3 Re4 76. Rf3 Re2+ 77. Kg3 Ra2 78. Re3 Ra6 79. Kf3 Rh6 80. Re4 {Strongly threatening Ra4.} Rh3+ 81. Kg2 Rh6 82. Rd4 (82. Ra4 {keeps more tension.} Rc6 83. Rb4 Ra6 84. Rd4 Ra2+ 85. Kf1) 82... Ra6 83. Kf3 Ra3+ 84. Ke2 Rh3 85. Kd2 {Threatens to win with Ke2.} Rg3 86. Kc2 Rh3 87. Rd3 Rh2+ 88. Rd2 Rh3 89. Rf2 Ra3 {White must now prevent ...Ra2+.} 90. Kd2 Rh3 91. Ke2 {And now Rf3 would win.} Ra3 92. Rf3 Ra2+ 93. Ke3 Ra3+ 94. Kf2 Ra2+ 95. Kg3 Ra1 96. Rf2 Ra3+ 97. Rf3 Ra1 98. Re3 {Hoping for e6.} Ra6 99. Rd3 Ra4 100. Rf3 Ra2 101. Rb3 {Rb4 is the strong threat.} Ra6 (101... Ra4 $11) 102. Rc3 (102. Rb4 $1 $14) 102... Rg6+ {The position is equal.} 103. Kf3 Ra6 (103... Rc6 {is interesting.} 104. Rb3 Rc4 105. Kg2 Rxf4 106. Re3 Rg4+) 104. e6 Rxe6 105. Rc5+ Kf6 106. Kg4 Re1 107. Rc6+ Kf7 108. Kf5 {With the idea Rc7+.} Re7 109. Ra6 Rb7 110. Kg5 (110. Ra1 {is more complex.} Rb5+ 111. Kg4 Rb6 112. Rh1 Rg6+ 113. Kf3) 110... Rc7 111. Rh6 {Rh7+ would kill now.} Rc5+ 112. f5 Kg7 113. Rd6 {White wants to play Rd7+.} Rc7 114. Kf4 Rc4+ 115. Ke5 (115. Kg3 {feels hotter.} Rb4 116. Rg6+ Kh7 117. Ra6 Kg7 118. Rg6+) 115... Rc5+ 116. Ke6 Rc7 117. Ra6 Rb7 118. Rc6 Ra7 119. Rd6 Rb7 120. Rd8 {aiming for f6+.} Rb6+ 121. Ke5 Rb5+ 122. Kf4 (122. Kd4 {seems wilder.} Rb4+ 123. Ke3 Kf6 124. Rf8+ Kg7 125. Ra8) 122... Kf6 123. Rd6+ Kg7 124. Kg5 {Threatening Rd7+.} Rb7 125. Rg6+ Kh7 126. Rh6+ Kg7 127. f6+ Kg8 128. Rh4 Rb1 129. Re4 (129. f7+ {with more complications.} Kxf7 130. Rf4+ Kg7 131. Kf5 Rb5+ 132. Ke6) 129... Kf7 130. Re7+ Kf8 131. Re5 Kf7 132. Re7+ Kf8 133. Rd7 Rg1+ 134. Kf5 Rf1+ 135. Ke6 {[%cal Rd7d8]} Re1+ 136. Kd6 Rd1+ 137. Ke6 Rxd7 138. Kxd7 Kf7 139. Kc8 Kxf6 {Precision: White = 56%, Black = 53%.} 1/2-1/2